LEADER 01432nam a2200301 i 4500 001 000000163073 003 CaOOAMICUS 005 20090708000000.0 008 090708s1946 it u000 u lat u 013 $a140437 040 $aSeMil$bita 245 10$a1 /$cedidit, versione auxit, notis illustravit Paulus Siwek. 250 $aEditio altera. 260 $aRomae :$bapud aedes Pont. Universitatis Gregorianae,$c1946. 300 $a85 p. ;$c22 cm. 490 0 $aTextus et documenta in usum exercitationum et praelectionum academicarum. Series philosophica ;$v8 500 $aTesto greco con traduzione latina a fronte. 700 0 $aAristoteles,$d<384-322 a.C.>.$0(OLS)http://semarc/name/1263 700 1 $aSiwek, Paul,$c.$0(OLS)http://semarc/name/89623 773 0 $aSiwek, Paul $tAristotelis De anima.$dRomae : apud aedes Pont. Universitatis Gregorianae, 1943-1946.$g1$w()7154 830 0$aTextus et documenta in usum exercitationum et praelectionum academicarum. Series philosophica ;$v8.$0(OLS)http://semarc/title/9609 850 $aSeMil 852 $aSeMil$W1$xVenegono$y1$m2Q I 328$j114389$B114389$CSeMilBibl$Z2$F143055 $81 900 0 $aAristotele. 961 $aLascito: Dugnani mons. Ferruccio 996 $6245$a1$9(OLS)http://semarc/title/46247 996 $6260$aRomae :$bapud aedes Pont. Universitatis Gregorianae$9(OLS)http://semarc/publisher/31959 LEADER 01959nam a2200385 4500 001 000000333138 003 CaOOAMICUS 005 20200609161534.0 008 190327t1969 it a c 000 udmul r 040 $aSeMil$bita 100 1 $aScorzelli, Lello,$d<1921-1997>.$0(OLS)http://semarc/name/18904 245 12$aI Bronzi del Sinodo /$cdi Lello Scorzelli ; presentazione di Valerio Mariani. 245 04$aThe Bronzes of the Synod. 246 01$aLes Bronzes de la Salle du Synod 260 $aRoma :$bEditalia,$ccopyr. 1969. 300 $a113 p. : $bquasi interamente ill. ;$c34 cm 490 1 $aRapporto uno a uno 505 2 $aContiene : La Pentecoste, Il Concilio con Giovanni 23., Il Concilio con Paolo 6., Il popolo di Dio [illustrazioni] ; Nota biografica. 541 1 $aFondo mons. Mario Delpini. 546 $aTesto in italiano con traduzione in inglese e in francese. 588 $aFormulazione di titoli paralleli dall'occhietto. 650 04$aScorzelli, Raffaele "Lello" <1921-1997> - Sculture.$0(OLS)http://semarc/subject/24069 650 4$aConcilio Vaticano II <1962-1965> - Arte .$0(OLS)http://semarc/subject/35358 650 4$aScultura italiana - Sec. 20.$0(OLS)http://semarc/subject/35359 700 1 $aMariani, Valerio.$0(OLS)http://semarc/name/5391 830 0$aRapporto uno a uno :$bCollana di capolavori dell'arte contemporanea.$0(OLS)http://semarc/title/422346 850 $aSeMil 852 $aSeMil$W1$xVenegono$y1$m5V X 7$j219876$B231590$CSeMilBibl$Z2$F231590 $8I 900 1 $aScorzelli, Raffaele "Lello". 996 $6245$aI Bronzi del Sinodo / $9(OLS)http://semarc/title/422344 996 $6245$aThe Bronzes of the Synod$9(OLS)http://semarc/title/429534 996 $6246$aLes Bronzes de la Salle du Synod$9(OLS)http://semarc/title/429535 996 $6260$aRoma :$bEditalia$9(OLS)http://semarc/publisher/32568